Top 20 most important and famous people from Ohio - Statistics

General Stats
  • This quiz has been taken 56 times
  • The average score is 12 of 20
Answer Stats
Hint Answer % Correct
First man to walk on the Moon Neil Armstrong
94%
Inventor of airplane Orville Wright
94%
Inventor of electric light bulb Thomas Edison
89%
General of American Civil War and President from 1869 to 1877 Ulysses S. Grant
89%
President from 1897 until his assassination in 1901 William McKinley
77%
Criminal who led a cult based in California in the late 1960s which killed Sharon Tate Charles Manson
74%
President from 1881 until his assassination six months later James A. Garfield
74%
Director of E.T. and Jurassic Park Steven Spielberg
74%
Basketball player, winner of NBA with Cleveland Cavaliers, Miami Heat and Los Angeles Lakers LeBron James
71%
Actress famous for her role in Monster's Ball, first African American actress to win an Academy Award Halle Berry
66%
President from 1909 to 1913 William Howard Taft
66%
Actor famous for his role in Gone with the Wind, winner of Academy Award in 1935 Clark Gable
60%
One of the greatest golfers of all time, 18 times winner of major championships Jack Nicklaus
54%
Basketball player, winner of NBA with Golden State Warriors Stephen Curry
54%
Artistic gymnast. Her seven Olympic medals tied with Shannon Miller for the most Olympic medals won by an American gymnast Simone Biles
51%
Singer, All Of Me, Tonight (best You Ever Had) John Legend
49%
Actor famous for his roles in The Sting, The Towering Inferno and Slap Shot. Three times winner of Academy Award Paul Newman
46%
American football player who played in the NFL for 18 seasons with the Oakland Raiders and Green Bay Packers Charles Woodson
23%
One of the most popular American entertainers of the mid XX century, who was nicknamed The King of Cool Dean Martin
17%
Actress famous for her roles in Calamity Jane and The Man Who Knew Too Much Doris Day
14%
No matching quizzes found
Score Distribution
Percent of People with Each Score
Percentile by Number Answered
Your Score History
You have not taken this quiz